Challenging a presidential election : (Record no. 5769)
[ view plain ]
| 000 -LEADER | |
|---|---|
| fixed length control field | 00989cam a2200241 i 4500 |
| 003 - CONTROL NUMBER IDENTIFIER | |
| control field | OSt |
| 005 - DATE AND TIME OF LATEST TRANSACTION | |
| control field | 20250804152406.0 |
| 008 - FIXED-LENGTH DATA ELEMENTS--GENERAL INFORMATION | |
| fixed length control field | 210731s2021 ug b 000 0 eng |
| 020 ## - INTERNATIONAL STANDARD BOOK NUMBER | |
| International Standard Book Number | 9789970971053 |
| 040 ## - CATALOGING SOURCE | |
| Original cataloging agency | KABLIB |
| Language of cataloging | eng |
| Transcribing agency | KABLIB |
| Description conventions | rda |
| 082 ## - DEWEY DECIMAL CLASSIFICATION NUMBER | |
| Edition number | 23 |
| Classification number | 324.6761 |
| Item number | KAN |
| 100 1# - MAIN ENTRY--PERSONAL NAME | |
| Personal name | Kanyeihamba, George W., |
| Relator term | author. |
| 9 (RLIN) | 5558 |
| 245 10 - TITLE STATEMENT | |
| Title | Challenging a presidential election : |
| Remainder of title | Article 104 of the Uganda Constitution and the Presidential Elections Act 2005 / |
| Statement of responsibility, etc. | Prof. Dr. G. W. Kanyeihamba. |
| 260 ## - PUBLICATION, DISTRIBUTION, ETC. | |
| Place of publication, distribution, etc. | Kampala, Uganda : |
| Name of publisher, distributor, etc. | G. W. Kanyeihamba, |
| Date of publication, distribution, etc. | c2021. |
| 300 ## - PHYSICAL DESCRIPTION | |
| Extent | 60 p. ; |
| Dimensions | 20 cm |
| 504 ## - BIBLIOGRAPHY, ETC. NOTE | |
| Bibliography, etc. note | Includes bibliographical references (page 60). |
| 610 10 - SUBJECT ADDED ENTRY--CORPORATE NAME | |
| Corporate name or jurisdiction name as entry element | Uganda. |
| Title of a work | Constitution (1995). |
| Name of part/section of a work | Article 104. Challenging a presidential election. |
| 9 (RLIN) | 14596 |
| 610 10 - SUBJECT ADDED ENTRY--CORPORATE NAME | |
| Corporate name or jurisdiction name as entry element | Uganda. |
| Title of a work | Presidential Elections Act, 2005. |
| 9 (RLIN) | 14597 |
| 650 #0 - SUBJECT ADDED ENTRY--TOPICAL TERM | |
| Topical term or geographic name entry element | Election law |
| Geographic subdivision | Uganda. |
| 9 (RLIN) | 12331 |
| 650 #0 - SUBJECT ADDED ENTRY--TOPICAL TERM | |
| Topical term or geographic name entry element | Presidents |
| Geographic subdivision | Uganda |
| General subdivision | Election. |
| 9 (RLIN) | 14598 |
| 651 #0 - SUBJECT ADDED ENTRY--GEOGRAPHIC NAME | |
| Geographic name | Uganda |
| General subdivision | Politics and government |
| Chronological subdivision | 1979- |
| 9 (RLIN) | 14599 |
| 942 ## - ADDED ENTRY ELEMENTS (KOHA) | |
| Source of classification or shelving scheme | Dewey Decimal Classification |
| Koha item type | Book |
| Withdrawn status | Lost status | Source of classification or shelving scheme | Damaged status | Not for loan | Home library | Current library | Shelving location | Date acquired | Source of acquisition | Total Checkouts | Full call number | Barcode | Date last seen | Price effective from | Koha item type |
|---|---|---|---|---|---|---|---|---|---|---|---|---|---|---|---|
| Dewey Decimal Classification | Education Library | Education Library | Reserve Section | 04.08.2025 | Donated | 324.6761 KAN | 13969 | 04.08.2025 | 04.08.2025 | Book |